Φορτώνει......
A dictionary of international finance
| Κύριος συγγραφέας: | |
|---|---|
| Μορφή: | Printed Book |
| Γλώσσα: | English |
| Έκδοση: |
London, Macmillan press
1979
|
| Θέματα: |
| LEADER | 005450000a22001930004500 | ||
|---|---|---|---|
| 015 | |a M | ||
| 020 | |a 0-333-26345-6 | ||
| 041 | |a eng | ||
| 082 | |a 332.03 L9 | ||
| 100 | |a Walmsley, Julian | ||
| 245 | |a A dictionary of international finance | ||
| 260 | |a London, Macmillan press | ||
| 260 | |c 1979 | ||
| 650 | |a Dictionaries | ||
| 650 | |a Finance | ||
| 650 | |a International finance | ||
| 942 | |c BK | ||
| 999 | |c 137259 |d 137255 | ||
| 952 | |0 0 |1 0 |4 0 |6 332_030000000000000_L9 |7 0 |9 136041 |a SIRP |b SIRP |d 2017-10-05 |l 0 |o 332.03 L9 |p SIRP00097 |r 2017-10-05 |w 2017-10-05 |y BK | ||